00372nam a22000977a 4500008004100000082001700041100006200058245010300120260004200223300000900265230619b xxu||||| |||| 00| 0 eng d a015.676bKEN cOffice of the vice president and ministry of Home Affairs aA Guide to Government Monographs. Report and Research WorksbDepartment of Kenya National Archives bDepartment of Kenya National Archives a157p